Sanremo - Ultimi classificati dal 2000 al 2025 - Statistics

Statistiche generali
  • Questo quiz è stato fatto 60 volte
  • Il punteggio medio è 5 su 25
Statistiche sulle risposte
Anno Titolo Artista % Corretto
2025 Pelle diamante Marcella Bella
92%
2022 Sesso occasionale Tananai
90%
2018 Arrivedorci Elio e le storie tese
56%
2024 Il cielo non ci vuole Fred de Palma
50%
2023 Cause perse Sethu
46%
2020 Lo sappiamo entrambi Riki
26%
2001 L'assenzio Bluvertigo
24%
2010 La verità Povia
22%
2017 Ragazzi fuori Clementino
18%
2021 Torno da te Random
16%
2016 Blu Irene Fornaciari
14%
2014 Sing in the rain Ron
12%
2011 Il mare immenso Giusy Ferreri
10%
2015 Io sono una finestra Grazia Di Michele/Mauro Coruzzi
10%
2003 Fossi un tango Iva Zanicchi
8%
2019 Un'altra luce Nino D'Angelo/Livio Cori
8%
2012 E tu lo chiami Dio Eugenio Finardi
6%
2008 A ferro e fuoco Mario Venuti
4%
2004 Ladro di te Piotta
4%
2002 Casa mia Timoria
4%
2013 Mamma non lo sa Almamegretta
2%
2007 Canzone fra le guerre Antonella Ruggiero
2%
2005 Che farò La differenza
2%
2006 Sole negli occhi Riccardo Maffoni
2%
2000 Un'altra vita Umberto Tozzi
2%
Nessun quiz corrispondente trovato
Distribuzione punteggi
Percentuale di utenti per punteggio
Percentile per numero di risposta
I tuoi punteggi nel tempo
Non hai fatto questo quiz